000 00254nam a2200109Ia 4500
008 220216s9999 xx 000 0 und d
100 _aMeenakumari T
245 0 _aRubber: Paalinoppam thadiyum
260 _bRubber
_c2014
300 _a12-Nov
942 _cJS
999 _c68189
_d68189